Derechos sexuales y reproductivos en Argentina: los proyectos parlamentarios referidos al aborto/
Guardat en:
| Autor principal: | |
|---|---|
| Altres autors: | , |
| Format: | Llibre |
| Idioma: | Spanish |
| Etiquetes: |
Afegir etiqueta
Sense etiquetes, Sigues el primer a etiquetar aquest registre!
|
MARC
| LEADER | 00000nam a22000007a 4500 | ||
|---|---|---|---|
| 003 | cru CIDCACS/IIS | ||
| 005 | 20200925161404.0 | ||
| 007 | ta | ||
| 008 | 170803s2015 cr ||||| |||| 00| 0 spa d | ||
| 999 | |c 19538 |d 19538 | ||
| 040 | |c CRAI/IIS |a CRAI/IIS | ||
| 100 | 1 | |9 5089 |a Zicavo, Eugenia | |
| 245 | 1 | |a Derechos sexuales y reproductivos en Argentina: |b los proyectos parlamentarios referidos al aborto/ |c Eugenia Zicavo, Julieta Astorino, Lucas Saporosi | |
| 300 | |a páginas 89-99 | ||
| 700 | 1 | |9 5090 |a Astorino, Julieta | |
| 700 | 1 | |9 5091 |a Saporosi, Lucas | |
| 773 | 0 | |0 19529 |9 1075 |a Universidad de Costa Rica. |d San José, Costa Rica: Editorial de la Universidad de Costa Rica, ago. 1992- |o 17999 |t Reflexiones / | |
| 942 | |2 ddc |c PP | ||
